000 00393nam a22001217a 4500
082 _a200 THE
100 _aSAGHEER KHAN
_969759
245 _aTH-SOF-1622-Communication between UAV Swarm and Ground Control Station for Real Time Surveillance
260 _aISLAMABAD
_bNUST COLLEGE OF EME
_c2019
650 _aMS-ELECT-2016 MSTHESIS
700 _aSupervisor DR. MUHAMMAD ZEESHAN
942 _cCF
999 _c576897
_d576897